Spell the Marvel Hero #111 - Statistics

General Stats
  • This quiz has been taken 12 times
  • The average score is 5 of 6
Answer Stats
Picture Answer % Correct
Rocket Raccoon
100%
Energizer
90%
Omega
90%
Zabu
70%
Zero-G
70%
Ghost Light
30%
No matching quizzes found
Score Distribution
Percent of People with Each Score
Percentile by Number Answered
Your Score History
You have not taken this quiz